| 000 | 00392nam a22001217a 4500 | ||
|---|---|---|---|
| 082 |
_a347.549103 _bCHO |
||
| 100 | _aChohan, Muhammad Nasir | ||
| 245 |
_aHigh Court Rules and Orders Civil & Criminal: _b[with all amendments and upto date case law] Vol I-V / _cMuhammad Nasir Chohan |
||
| 260 |
_aLahore: _bLaw Book House, _cN.A. |
||
| 300 | _a1280 p. | ||
| 563 | _aHB. | ||
| 942 |
_2ddc _cBK |
||
| 999 |
_c613994 _d613994 |
||